Licitações públicas : (Record no. 1036)

MARC details
000 -LÍDER
Campo Fixo de Controle 00863nam a2200265 a 4500
001 - NÚMERO DE CONTROLE
Campo de Controle 1036
003 - IDENTIFICAÇÃO DO NÚMERO DE CONTROLE
Campo de Controle BR-CuiBMT
005 - DATA E HORA DA ÚLTIMA ATUALIZAÇÃO
Campo de Controle 20231127192112.0
008 - DADOS FIXOS
Dados Fixos 231127s2015 baba 000 0 por d
020 ## - INTERNATIONAL STANDARD BOOK NUMBER
Nº do ISBN 8544201989
040 ## - AGÊNCIA CATALOGADORA
Código da Agência Catalogadora BR-CuiBMT
Agência que transcreveu o registro BR-CuiBMT
080 ## - Nº DA CLASSIFICAÇÃO DECIMAL UNIVERSAL
Nº edição CDU 2007
Nº Class. CDU 351.712.2.02
090 ## - NÚMERO DE CHAMADA
Nº classificação 351.712.2.02
Cutter T693l
Ano/Edição 6. ed.
100 1# - ENTRADA PRINCIPAL -- AUTOR PESSOAL
Nome pessoal Torres, Ronny Charles Lopes de
245 ## - TÍTULO PRINCIPAL
Título principal Licitações públicas :
Subtítulo Lei 8.666/1993 /
Indicação de responsabilidade Ronny Charles Lopes de Torres.
250 ## - EDIÇÃO
Edição 6. ed., rev., ampl. e atual.
260 ## - PUBLICAÇÃO, DISTRIBUIÇÃO, ETC.
Local de publicação Salvador :
Editora Juspodivm,
Data 2015.
300 ## - DESCRIÇÃO FÍSICA
N. páginas ou volumes 450 p.:
Ilustrações il.
Dimensões 21 cm
490 1# - INDICAÇÃO DE SÉRIE
Título da série Leis especiais para concursos ;
Volume/designação sequencial da série v. 11
650 ## - ASSUNTO TÓPICO
Cabeçalho tópico ou nome geográfico Serviço público
Subdivisão geral concursos
Subdivisão geográfica Brasil
650 ## - ASSUNTO TÓPICO
Cabeçalho tópico ou nome geográfico Licitação pública
Subdivisão geral concursos
Subdivisão geográfica Brasil
650 ## - ASSUNTO TÓPICO
Cabeçalho tópico ou nome geográfico Contratos administrativos
830 ## - ENTRADA SECUNDÁRIA DE SÉRIE -- TÍTULO UNIFORME
Título uniforme Leis especiais para concursos
Nº do volume/designação sequencial da série 11
942 ## - ELEMENTOS DE ENTRADA ADICIONAIS (KOHA)
Fonte de classificação ou esquema de arquivamento Classificação Decimal Universal
Tipo de item do Koha Livros
Holdings
Estado: removido Estado: perdido Fonte de classificação ou esquema de arquivamento Estado: danificado Indisponível para empréstimo Localização permanente Localização atual Data de aquisição Total Checkouts Número de Chamada completo Código de barras Date last seen Número do exemplar Preço efetivo a partir de Tipo de item (Koha)
    Classificação Decimal Universal     Biblioteca da Escola Superior de Contas do TCE/MT Biblioteca da Escola Superior de Contas do TCE/MT 27/11/2023   351.712.2.02 T693l BIBTCEMT23111159 27/11/2023 Ex. 1 27/11/2023 Livros

Powered by Koha